טוען...

Freedom and organization, 1814-1914 /

מידע ביבליוגרפי
מחבר ראשי: Russell, Bertrand
פורמט: Printed Book
שפה:English
יצא לאור: Milton Park, Abingdon, Oxon ; New York : Routledge, 2010.
סדרה:Routledge classics.
נושאים:
LEADER 01402cam a2200349 a 4500
008 090616r20101934enk b 001 0 eng
010 |a  2009024748 
015 |a GBA961705  |2 bnb 
016 7 |a 015296631  |2 Uk 
020 |a 9780415487399(pbk.)  |c INR 
020 |a 0415487390(pbk.)  |c INR 
020 |a 9780203864807(eb) 
020 |a 0203864808(eb) 
035 |a (OCoLC)ocn317928102 
043 |a e------  |a n-us--- 
082 0 0 |a 909.81  |2 22 
100 1 |a Russell, Bertrand, 
245 1 0 |a Freedom and organization, 1814-1914 /  |c Bertrand Russell. 
260 |a Milton Park, Abingdon, Oxon ;  |a New York :  |b Routledge,  |c 2010. 
300 |a viii, 422 p. ;  |c 22 cm. 
490 1 |a Routledge classics 
500 |a Previously published: London : George Allen & Unwin, 1934. 
504 |a Includes bibliographical references and index. 
650 0 |a Political science  |x History  |y 19th century. 
942 |c BK 
651 0 |a Europe  |x Politics and government  |y 1789-1900. 
651 0 |a United States  |x Politics and government  |y 19th century. 
830 0 |a Routledge classics. 
906 |a 7  |b cbc  |c orignew  |d 1  |e ecip  |f 20  |g y-gencatlg 
955 |b rf03 2009-06-16  |i rf03 2009-06-16 to Dewey  |a xe14 2010-08-16 2 copies rec'd., to CIP ver. 
999 |c 283190  |d 283190 
952 |0 0  |1 0  |4 0  |6 909_810000000000000_RUS_F  |7 0  |9 321034  |a FLK  |b FLK  |c ST1  |d 2011-08-26  |e BK  |g 595.00  |i 2791  |l 0  |o 909.81 RUS/F  |p FLK2791  |r 2016-01-29  |w 2018-08-23  |y BK